Countries Closest to Saint Lucia - Sudden Death - Statistics

General Stats
  • This quiz has been taken 17 times
  • The average score is 6 of 15
Answers on the Grid
Answers color-coded by a green-red scale on the quiz's grid according to % correct below.
Saint Vincent and the Grenadines
Dominica
Grenada
Barbados
Trinidad and Tobago
Antigua and Barbuda
Saint Kitts and Nevis
Guyana
Venezuela
Dominican Republic
Haiti
Brazil
Suriname
Colombia
Bahamas
United States
Cuba
Jamaica
Mexico
Belize
Guatemala
El Salvador
Honduras
Nicaragua
Costa Rica
Panama
Ecuador
Bolivia
Peru
Paraguay
 
Answer Stats
Answer % Correct
Saint Kitts and Nevis
78%
Antigua and Barbuda
67%
Dominica
67%
Grenada
67%
Saint Vincent and the Grenadines
67%
Barbados
56%
Trinidad and Tobago
44%
Dominican Republic
33%
Guyana
22%
Haiti
22%
Suriname
22%
Venezuela
22%
Bahamas
11%
Brazil
11%
Colombia
0%
No matching quizzes found
Score Distribution
Percent of People with Each Score
Percentile by Number Answered
Your Score History
You have not taken this quiz